LEADER 01166nam a2200265 i 4500 001 000000152564 003 CaOOAMICUS 005 20060816000000.0 008 060816s1957 it u000 u ita u 013 $a129905 040 $aSeMil$bita 100 1 $aBergson, Henri,$d<1859-1941>.$0(OLS)http://semarc/name/24632 240 12$aL'évolution créatrice.$0(OLS)http://semarc/title/190895 245 12$aL'evoluzione creatrice /$cHenri Bergson ; antologia a cura di Vittorio Mathieu. 260 $aBari :$bLaterza,$c1957. 300 $a210 p. ;$c21 cm. 490 0 $aPiccola biblioteca filosofica Laterza 650 4$aBergson, Henri <1859-1941> . L'évolution créatrice.$0(OLS)http://semarc/subject/14009 700 1 $aMathieu, Vittorio,$d<1923-2020>.$0(OLS)http://semarc/name/4377 830 0$aPiccola biblioteca filosofica Laterza.$0(OLS)http://semarc/title/18486 850 $aSeMil 852 $aSeMil$W1$xVenegono$y1$m2P I 672$j104518$B104518$CSeMilBibl$Z2$F113751 $81 961 $aLascito: Gogna prof.ssa Silvia 996 $6245$aL'evoluzione creatrice$9(OLS)http://semarc/title/112738 996 $6260$aBari :$bLaterza$9(OLS)http://semarc/publisher/29858 LEADER 00842nas a2200181 i 4500 001 000000006427 003 CaOOAMICUS 005 20180830125438.0 008 180830s1963 fr u0 und u 040 $aSeMil$bita 245 10$aParole de Dieu /$ccollection dirigée par Xavier Léon-Dufour. 260 $aParis :$bÉditions du Seuil,$c1963. 300 $av. ;$c21 cm. 700 1 $aLéon-Dufour, Xavier,$c.$0(OLS)http://semarc/name/986 774 0 $aLéon-Dufour, Xavier $tLecture de l'Évangile selon Jean.$dParis : Ed. du Seuil, 1988.$w()1130 774 0 $aBeauchamp, Paul $tUn et l'autre Testament.$dParis : Éditions du Seuil, 1976-1990-$z2-02-011622-7$w()1217 996 $6245$aParole de Dieu$9(OLS)http://semarc/title/8537 996 $6260$aParis :$bÉditions du Seuil$9(OLS)http://semarc/publisher/29806